000 00431nam a2200145Ia 4500
008 090124s9999 xx 000 0 und d
082 _b201580
245 _a हा खेळ सावल्यांचा
250 _a1
260 _bपै शिरीष
_c1968
300 _a67
630 _a हा खेळ सावल्यांचा
730 _a हा खेळ सावल्यांचा
942 _cBOOK
999 _c183161
_d183161